000 00523nam a2200217 a 4500
999 _c4524
_d4524
001 4524
003 BD-JhCC
005 20171128111143.0
008 171128s1966 uka|||| |||| 000 0 eng d
035 _a(BD-JhCC)
040 _aBD-JhCC
_dBD-JhCC
041 _aeng
082 _a613.71
_bTAY 1966
100 _aTaylor, Eric
245 _aFitness after forty /
_cEric Taylor
260 _aLondon :
_bJohn murray,
_c1966
300 _a156 p. :
_c22cm.
_bill. ;
650 _aExercise
942 _2ddc
_cBK